Testing and inspection of engineering materials (Record no. 10108)

000 -LEADER
fixed length control field 00598nam a22002171 4500
001 - CONTROL NUMBER
control field 10108
003 - CONTROL NUMBER IDENTIFIER
control field BD-DhUET
008 - FIXED-LENGTH DATA ELEMENTS--GENERAL INFORMATION
fixed length control field 730116s1964 nyua b 000 0 eng
040 ## - CATALOGING SOURCE
Transcribing agency 0
Modifying agency BD-DhUET
082 ## - DEWEY DECIMAL CLASSIFICATION NUMBER
Classification number 620.11291
Item number DAV/1964
100 ## - MAIN ENTRY--PERSONAL NAME
Personal name Davis, Harmer Elmer
245 14 - TITLE STATEMENT
Title Testing and inspection of engineering materials
250 ## - EDITION STATEMENT
Edition statement 3rd ed.
260 ## - PUBLICATION, DISTRIBUTION, ETC. (IMPRINT)
Place of publication, distribution, etc. New York
Name of publisher, distributor, etc. McGraw-Hill Book
Date of publication, distribution, etc. 1964
300 ## - PHYSICAL DESCRIPTION
Extent xvi, 475 p.
Other physical details ill.
Dimensions 23 cm.
490 1# - SERIES STATEMENT
Series statement McGraw-Hill civil engineering series
650 #0 - SUBJECT ADDED ENTRY--TOPICAL TERM
Topical term or geographic name as entry element Materials
700 ## - ADDED ENTRY--PERSONAL NAME
Personal name Troxell, George Earl
700 ## - ADDED ENTRY--PERSONAL NAME
Personal name Wiskocil, Clement T.
942 ## - ADDED ENTRY ELEMENTS (KOHA)
Koha item type General Book
Holdings
Koha normalized classification for sorting Shelving location Piece designation (barcode) Price effective from Damaged status Date acquired Withdrawn status Not for loan Source of classification or shelving scheme Koha item type Koha full call number Copy number Location (home branch) Sublocation or collection (holding branch) Koha date last seen Lost status
620_112910000000000_DAV_1964Circulation section240312015-02-04 2015-02-04   General Book620.11291/DAV/19641Central Library, BUETCentral Library, BUET2015-02-04 
620_112910000000000_DAV_1964Circulation section360462015-04-27 2015-04-27   General Book620.11291/DAV/19642Central Library, BUETCentral Library, BUET2015-04-27 
620_112910000000000_DAV_1964Circulation section240332015-04-27 2015-04-27   General Book620.11291/DAV/19643Central Library, BUETCentral Library, BUET2015-04-27 
620_112910000000000_DAV_1964Reading section240322015-06-23 2015-06-23   Reading Item620.11291/DAV/19644Central Library, BUETCentral Library, BUET2015-06-23